000 00476nam a2200169Ia 4500
008 090711s9999 xx 000 0 und d
082 _b50038
100 _aलाटे दिनानाथ ना.
245 _aमुखवटे
260 _c1984
300 _a172
600 _aलाटे दिनानाथ ना.
630 _aमुखवटे
700 _aलाटे दिनानाथ ना.
730 _aमुखवटे
942 _cBOOK
999 _c297332
_d297332